| 000 | 00358nam a2200157Ia 4500 | ||
|---|---|---|---|
| 003 | OSt | ||
| 005 | 20240208111828.0 | ||
| 008 | 170524s9999 xx 000 0 und d | ||
| 020 | _a9780070667105 | ||
| 040 | _cIIMT UNIVERSITY | ||
| 100 | _aEUN- CHEOL S | ||
| 100 | _c2011 | ||
| 245 | 0 | _aINTERNATIONAL FINANCIAL MANAGEMENT | |
| 260 | _aTMH | ||
| 942 |
_2ddc _c01 |
||
| 999 |
_c2694 _d2694 |
||